| 000 | 00666nam a22001937a 4500 | ||
|---|---|---|---|
| 999 |
_c9364 _d9364 |
||
| 008 | 210408b ||||| |||| 00| 0 eng d | ||
| 040 | _aBMS College of Architecture | ||
| 100 | _aPriya, V P | ||
| 245 | _aChild in the city - The influences of Neighbourhood morphology on Children's outdoor activities | ||
| 300 | _a31p. | ||
| 500 | _a1BM15AHD08 | ||
| 502 |
_8M,Arch (Habitat Design) _NBMS College of Architecture, Visvesvaraya Technological University _aDissertation _d2017 |
||
| 650 | _aNeighbourhood | ||
| 650 | _aChildren | ||
| 700 |
_aMamatha P Raj _eGuide |
||
| 700 |
_aSadashiv Chakravarthy _eGuide |
||
| 700 |
_aRachana Suraj _eGuide |
||
| 942 |
_2ddc _cPGTHE |
||